Statistics for Countries By Largest City #1

Click here to take the quiz!

General Stats

  • This quiz has been taken 44 times
  • The average score is 9 of 10

Answer Stats

Largest CityCountry% Correct
TorontoCanada
100%
Sao PauloBrazil
95%
New DelhiIndia
95%
JakartaIndonesia
95%
OsloNorway
95%
CasablancaMorocco
93%
ZurichSwitzerland
93%
Tel AvivIsrael
88%
AntwerpBelgium
83%
Quezon CityPhilippines
53%

Score Distribution

Percentile by Number Answered

Percent of People with Each Score

Your Score History

You have not taken this quiz